Breeze Airways Destinations - Statistics

General Stats
  • This quiz has been taken 34 times
  • The average score is 39 of 71
Answer Stats
Country Destinations % Correct
United States Key West
92%
United States Las Vegas
92%
United States Los Angeles
92%
United States Orlando
92%
United States Portland (ME)
92%
United States San Francisco
92%
United States Tampa
92%
United States Charleston (SC)
85%
United States Charleston (WV)
85%
United States Denver
85%
United States Fort Myers
85%
United States Hartford
85%
United States Jacksonville
85%
United States Memphis
85%
United States Phoenix
85%
United States San Diego
85%
United States Savannah
85%
United States Washington
85%
United States Cincinnati
77%
United States Dallas/Fort Worth
77%
United States Providence
77%
United States Raleigh/Durham
77%
United States Columbus
69%
United States Fort Lauderdale
69%
United States Louisville
69%
United States Newark
69%
United States New Haven
69%
United States Pittsburgh
69%
United States Sarasota
69%
United States Wilmington (NC)
69%
United States Akron/Canton
62%
United States Greenville/Spartanburg
62%
United States Manchester
62%
United States New Orleans
62%
United States Norfolk
62%
United States Richmond
62%
United States West Palm Beach
62%
United States White Plains
62%
United States Greensboro
54%
United States Lansing
54%
United States Rochester
54%
United States Springfield
54%
United States Albany
46%
United States Bangor
46%
United States Burlington
46%
United States Myrtle Beach
46%
United States Provo
46%
United States Santa Ana
46%
United States Wilkes-Barre/Scranton
46%
United States Lancaster
38%
United States Madison
38%
United States Syracuse
38%
United States Daytona Beach
31%
United States Erie
31%
United States Gulfport/Biloxi
31%
United States Huntsville
31%
United States Islip
23%
United States Ogden
23%
United States San Bernardino
23%
United States South Bend
23%
United States Evansville
15%
United States Newburgh
15%
United States Ogdensburg
15%
United States Portsmouth
15%
United States Fayetteville/Bentonville
8%
United States Grand Junction
8%
United States Vero Beach
8%
United States Montrose
0%
United States New Bern
0%
United States Penscola
0%
United States Salisbury
0%
No matching quizzes found
Score Distribution
Percent of People with Each Score
Percentile by Number Answered
Your Score History
You have not taken this quiz